Miasta Azji pow. 1 mln ludności - Statystyki

Ogólne statystyki
  • Ten quiz został rozwiązany 60 razy
  • Średni wynik to 71 z 248
Odpowiedzi na mapie
Odpowiedzi zakodowano w zielono-czerwonej skali na mapie do tego quizu, zgodnie z poniższymi procentami.
 
Statystyki odpowiedzi
Państwo Odpowiedź % Poprawnych
Zjednoczone Emiraty Arabskie Dubaj
90%
Chiny Pekin
90%
Japonia Tokio
90%
Kazachstan Astana
88%
Filipiny Manila
88%
Mongolia Ułan Bator
88%
Tajlandia Bangkok
86%
Indie Delhi
86%
Indie Mumbaj
86%
Arabia Saudyjska Rijad
86%
Turcja Stambuł
86%
Turcja Ankara
83%
Syria Damaszek
83%
Wietnam Hanoi
83%
Afganistan Kabul
83%
Azerbejdżan Baku
81%
Indonezja Dżakarta
81%
Korea Południowa Seul
81%
Iran Teheran
81%
Bangladesz Dhaka
79%
Armenia Erywań
79%
Pakistan Islamabad
79%
Izrael Jerozolima
79%
Chiny Szanghaj
79%
Tajwan Tajpej
79%
ZjednoczoneEmiraty Arabskie Abu Zabi
76%
Irak Bagdad
76%
Pakistan Karaczi
76%
Malezja Kuala Lumpur
76%
Arabia Saudyjska Mekka
76%
Singapur Singapur
76%
Gruzja Tbilisi
76%
Kirgistan Biszkek
74%
Japonia Osaka
74%
Liban Bejrut
71%
Chiny Hongkong
71%
Korea Północna Pjongjang
71%
Japonia Sapporo
71%
Kazachstan Ałmaty
67%
Indie Kolkata
67%
Turcja Antalya
64%
Wietnam Ho Chi Minh
64%
Chiny Kanton
64%
Jemen Sana
64%
Uzbekistan Taszkent
64%
Jordania Amman
62%
Nepal Katmandu
62%
Arabia Saudyjska Medyna
62%
Chiny Wuhan
62%
Turcja Izmir
60%
Japonia Kioto
60%
Korea Południowa Pusan
57%
Chiny Xi'an
57%
Syria Aleppo
55%
Turcja Bursa
55%
Kambodża Phnom Penh
55%
Indie Ćennaj
52%
Chiny Chongqing
52%
Bangladesz Ćottogram
52%
Japonia Hiroszima
52%
Japonia Jokohama
52%
Japonia Nagoja
52%
Rosja Nowosybirsk
52%
Japonia Kobe
50%
Turkmenistan Aszchabad
48%
Pakistan Lahaur
48%
Indie Bengaluru
45%
Rosja Jekaterynburg
45%
Indonezja Surabaja
45%
Turcja Gaziantep
43%
Chiny Harbin
43%
Irak Basra
40%
Chiny Chengdu
40%
Iran Isfahan
40%
Chiny Urumczi
40%
Indie Ahmadabad
38%
Arabia Saudyjska Dżudda
38%
Mjanma Rangun
38%
Chiny Shenzhen
38%
Turcja Adana
36%
Indie | Pakistan Hajdarabad
36%
Chiny Nankin
36%
Chiny Xiamen
36%
Filipiny Davao
33%
Turcja Konya
33%
Rosja Omsk
33%
Chiny Qingdao
33%
Filipiny Quezon City
33%
Indie Agra
31%
Indonezja Bandung
31%
Rosja Czelabińsk
31%
Japonia Fukuoka
31%
Irak Mosul
31%
Chiny Tiencin
31%
Rosja Krasnojarsk
29%
Iran Meszhed
29%
Indie Surat
29%
Chiny Changsha
26%
Chiny Dalian
26%
Japonia Kawasaki
26%
Turcja Mersin
26%
Indie Nagpur
26%
Indie Pune
26%
Chiny Hefei
24%
Indie Jaipur
24%
Chiny Shenyang
24%
Korea Południowa Daegu
21%
Chiny Hangzhou
21%
Indie Lucknow
21%
Mjanma Mandalaj
21%
Tajwan Nowe Tajpej
21%
Japonia Sendai
21%
Chiny Shantou
21%
Zjednoczone Emiraty Arabskie Szardża
21%
Iran Tebriz
21%
Irak Irbil
19%
Chiny Kunming
19%
Indie Waranasi
19%
Pakistan Fajsalabad
17%
Chiny Fuzhou
17%
Turcja Kayseri
17%
Indonezja Medan
17%
Chiny Ningbo
17%
Iran Sziraz
17%
Kazachstan Szymkent
17%
Tajwan Tainan
17%
Chiny Zhengzhou
17%
Korea Południowa Gwangju
14%
Korea Południowa Inczon
14%
Indie Kanpur
14%
Iran Kom
14%
Indonezja Makasar
14%
Chiny Nanning
14%
Indonezja Palembang
14%
Japonia Saitama
14%
Bangladesz Khulna
12%
Irak Kirkuk
12%
Chiny Lanzhou
12%
Indie Patna
12%
Pakistan Rawalpindi
12%
Indonezja Semarang
12%
Arabia Saudyjska Ad-Dammam
10%
Indie Bhopal
10%
Chiny Changchun
10%
Korea Południowa Daejeon
10%
Chiny Dongguan
10%
Chiny Foshan
10%
Indie Indore
10%
Chiny Jilin
10%
Iran Karadż
10%
Pakistan Kweta
10%
Pakistan Multan
10%
Pakistan Peszawar
10%
Chiny Shijiazhuang
10%
Korea Południowa Ulsan
10%
Chiny Wuxi
10%
Iran Ahwaz
7%
Chiny Baotou
7%
Indie Coimbatore
7%
Pakistan Gudźranwala
7%
Chiny Jinan
7%
Chiny Luoyang
7%
Indie Maduraj
7%
Indie Prajagradź
7%
Indie Raipur
7%
Indie Rajkot
7%
Korea Południowa Suwon
7%
Chiny Taiyuan
7%
Indie Vadodara
7%
Indie Amritsar
5%
Chiny Anshan
5%
Indie Aurangabad
5%
Chiny Baoding
5%
Chiny Benxi
5%
Korea Południowa Changwon
5%
Chiny Changzhou
5%
Chiny Chongzuo
5%
Chiny Daqing
5%
Chiny Fushun
5%
Chiny Jieyang
5%
Tajwan Kaohsiung
5%
Chiny Nanchang
5%
Bangladesz Narajangondźo
5%
Indie Navi Mumbai
5%
Indie Pimpri-Chinchwad
5%
Chiny Quanzhou
5%
Korea Południowa Seongnam
5%
Chiny Suzhou
5%
Tajwan Taizhong
5%
Tajwan Taoyuan
5%
Indie Thane
5%
Indie Visakhapatnam
5%
Indie Widźajawada
5%
Chiny Yushu
5%
Chiny Baoshan
2%
Indonezja Bekasi
2%
Filipiny Caloocan
2%
Chiny Cixi
2%
Chiny Datong
2%
Indonezja Depok
2%
Indie Dhanbad
2%
Chiny Dingzhou
2%
Indie Dźodhpur
2%
Indie Faridabad
2%
Chiny Gaozhou
2%
Chiny Gongzhuling
2%
Chiny Guiyang
2%
Indie Gwalijar
2%
Chiny Haidong
2%
Chiny Hanchuan
2%
Chiny Handan
2%
Indie Haura
2%
Chiny Huaibei
2%
Chiny Huainan
2%
Indie Jabalpur
2%
Chiny Jiangyin
2%
Chiny Jianli
2%
Chiny Jinjiang
2%
Indie Kalyan-Dombivali
2%
Indie Kota
2%
Chiny Kunshan
2%
Chiny Liling
2%
Chiny Lincang
2%
Chiny Linyi
2%
Indie Ludhijana
2%
Chiny Macheng
2%
Indie Meerut
2%
Indie Nashik
2%
Indie Ranchi
2%
Indie Śrinagar
2%
Malezja Subang Jaya
2%
Indonezja Tangerang
2%
Indonezja Tangerang Selatan
2%
Chiny Tangshan
2%
Indie Vasai-Virar
2%
Chiny Wuwei
2%
Chiny Xiangyang
2%
Chiny Xiantao
2%
Chiny Xianyang
2%
Chiny Xinghua
2%
Chiny Xinyang
2%
Chiny Xuzhou
2%
Chiny Zaoyang
2%
Chiny Zhongxiang
2%
Chiny Zhoushan
2%
Chiny Zhucheng
2%
Chiny Zhuji
2%
Nie znaleziono quizów pasujących do podanych kryteriów
Rozkład punktacji
Procent ludzi z każdym wynikiem
Percentyl według liczby udzielonych odpowiedzi
Twoja historia wyników
Nie rozwiązałeś tego quizu